بر تھ کنٹر و ل ا پنے عبر ت نا ک ا نجا م کے تنا طر (Record no. 146998)
[ view plain ]
| 000 -LEADER | |
|---|---|
| fixed length control field | 01019nam a22002177a 4500 |
| 005 - DATE AND TIME OF LATEST TRANSACTION | |
| control field | 20171129111052.0 |
| 010 ## - LCCN (DPL NO) | |
| LC control number | UR-9859 |
| 020 6# - INTERNATIONAL STANDARD BOOK NUMBER | |
| Terms of availability | 25.00 |
| 035 ## - SYSTEM CONTROL NUMBER | |
| System control number | U-8414 |
| 037 ## - SOURCE OF ACQUISITION | |
| Source of stock number/acquisition | DBAD/PUB |
| 082 ## - DEWEY DECIMAL CLASSIFICATION NUMBER | |
| Classification number | 613.95 |
| 100 ## - MAIN ENTRY--PERSONAL NAME | |
| Personal name | پر و فیسر عمر حیا ت خا ن غو ر ی |
| 245 ## - TITLE STATEMENT | |
| Title | بر تھ کنٹر و ل ا پنے عبر ت نا ک ا نجا م کے تنا طر |
| Statement of responsibility, etc | پر و فیسر عمر حیا ت خا ن غو ر ی |
| 246 ## - VARYING FORM OF TITLE | |
| Remainder of title | |
| Title proper/short title | Birth Control Apne Ibratnak Anjam Ke Tanazur Mein |
| 250 ## - EDITION STATEMENT | |
| Edition statement | byProf. Umer Hayat Khan Ghouri |
| 260 ## - PUBLICATION, DISTRIBUTION, ETC. (IMPRINT) | |
| Place of publication, distribution, etc | نئی د لی |
| Name of publisher, distributor, etc | Merkazi Maktaba Islami Publishers |
| Date of publication, distribution, etc | 2015 |
| 270 ## - ADDRESS | |
| Address | D307,Dawat Nagar,Abul Fazal Enclave,Jamia Nagar , |
| City | New Delhi |
| Postal code | 110025 |
| Telephone number | 01126971652 |
| Fax number | - |
| 300 ## - PHYSICAL DESCRIPTION | |
| Extent | 62ص |
| Dimensions | 22 Cm.(B.b) |
| 500 ## - GENERAL NOTE | |
| General note | دو حصہ |
| 942 ## - ADDED ENTRY ELEMENTS (KOHA) | |
| Source of classification or shelving scheme | Dewey Decimal Classification |
| Item type | Urdu Bks |
| Classification part | 613.95 |
| Call number suffix | غ و ر |
| Edition | |
| Withdrawn status | Lost status | Not for loan | Collection code | Home library | Current library | Date acquired | Source of acquisition | Cost, normal purchase price | Full call number | Barcode | Copy number | Cost, replacement price | Koha item type |
|---|---|---|---|---|---|---|---|---|---|---|---|---|---|
| Not For Loan | Non-fiction | D.B.Act.Division | D.B.Act.Division | 30/10/2017 | DBAD/PUB. | 25.00 | 613.95 غ و ر | U-8414 | 1 | 25.00 | Urdu Bks |
